UM Logo

Environmental management / (Record no. 11458)

MARC details
000 -LEADER
fixed length control field 00786nam a22002057a 4500
008 - FIXED-LENGTH DATA ELEMENTS--GENERAL INFORMATION
fixed length control field 181205b ||||| |||| 00| 0 eng d
020 ## - INTERNATIONAL STANDARD BOOK NUMBER
International Standard Book Number 978-971-9654-87-2
082 ## - DEWEY DECIMAL CLASSIFICATION NUMBER
Edition number 2017
Classification number DFil 658.4
100 ## - MAIN ENTRY--PERSONAL NAME
Personal name Bermudez, Neil Catly
9 (RLIN) 32851
245 ## - TITLE STATEMENT
Title Environmental management /
Statement of responsibility, etc. Neil Catly Bermudez, Diondado Limon Cabiling, Jr. and Lorma San Luis San Pedro, Xinqin Zhang
260 ## - PUBLICATION, DISTRIBUTION, ETC. (IMPRINT)
Place of publication, distribution, etc. Manila :
Name of publisher, distributor, etc. Unlimited Books Library Services & Publishing,
Date of publication, distribution, etc. ©2017.
300 ## - PHYSICAL DESCRIPTION
Extent x, 185 pages :
Other physical details illustrations ;
Dimensions 23 cm.
500 ## - GENERAL NOTE
General note Includes references.
650 ## - SUBJECT ADDED ENTRY--TOPICAL TERM
Topical term or geographic name as entry element Environmental management
General subdivision Methodology
9 (RLIN) 32852
700 ## - ADDED ENTRY--PERSONAL NAME
Personal name Cabiling, Diosdadso Limon, Jr.
9 (RLIN) 32853
700 ## - ADDED ENTRY--PERSONAL NAME
Personal name San Pedro, Lorma San Luis
9 (RLIN) 32854
700 ## - ADDED ENTRY--PERSONAL NAME
Personal name Xinqin, Zhang
9 (RLIN) 32855
365 ## - TRADE PRICE
Price amount 393.00
Currency code php
942 ## - ADDED ENTRY ELEMENTS (KOHA)
Source of classification or shelving scheme Dewey Decimal Classification
Koha item type Filipiniana
Holdings
Withdrawn status Lost status Source of classification or shelving scheme Damaged status Not for loan Collection code Home library Current library Shelving location Date acquired Source of acquisition Cost, normal purchase price Total Checkouts Full call number Barcode Date last seen Date last checked out Copy number Koha item type Price effective from
    Dewey Decimal Classification     Filipiniana UM Digos College - LIC UM Digos College - LIC Book Cart 12/05/2018 Purchased 393.00 10 DFil 658.4 B4563 2017 25357 05/15/2025 02/24/2020 1 Filipiniana  
    Dewey Decimal Classification     Filipiniana UM Digos College - LIC UM Digos College - LIC Book Cart 12/05/2018 Purchased 393.00 1 DFil 658.4 B4563 2017 25358 05/15/2025 08/09/2023 2 Filipiniana 12/05/2018